[Event "36th World Junior Girls"]
[Site "Manavgat TUR"]
[Date "2018.09.08"]
[Round "5.23"]
[White "Caglar, Sila"]
[Black "Gomez Barrera, Javiera Belen"]
[Result "1/2-1/2"]
[WhiteTitle "WFM"]
[BlackTitle "WIM"]
[WhiteElo "2208"]
[BlackElo "2035"]
[WhiteFideId "6364063"]
[BlackFideId "3418723"]
[EventDate "2018.09.05"]

1. e4 e5 2. Nf3 Nc6 3. Nc3 Nf6 4. Be2 d5 5. exd5 Nxd5 6. O-O Nxc3 7. bxc3 e4 8.
Ne1 Bd6 9. f3 Qh4 10. g3 Qe7 11. fxe4 Qxe4 12. d4 O-O 13. Bd3 Qd5 14. Qf3 Qxf3
15. Nxf3 h6 16. Bd2 Bh3 17. Rf2 Rae8 18. Nh4 Ne7 19. Rb1 b6 20. Re1 g5 21. Nf3
Ng6 22. Bc4 Rxe1+ 23. Nxe1 Kg7 24. Ng2 f5 25. Be6 Rf6 26. Bd7 Rf7 27. Be6 Rf6
28. Bd7 Rf7 29. Be6 Rf6 30. Bd7 Rf7 31. Be6 Rf6 1/2-1/2

[Event "36th World Junior Girls"]
[Site "Manavgat TUR"]
[Date "2018.09.08"]
[Round "5.24"]
[White "Li, Yunshan"]
[Black "Kubicka, Anna"]
[Result "1/2-1/2"]
[WhiteTitle "WFM"]
[BlackTitle "WIM"]
[WhiteElo "2060"]
[BlackElo "2204"]
[WhiteFideId "8607664"]
[BlackFideId "1152254"]
[EventDate "2018.09.05"]

1. d4 Nf6 2. c4 c5 3. d5 e6 4. Nc3 exd5 5. cxd5 d6 6. Nf3 g6 7. Bf4 a6 8. a4 Bg7
9. h3 O-O 10. e3 Qe7 11. Be2 Nfd7 12. O-O Ne5 13. Nd2 Nbd7 14. Qc2 f5 15. Rab1
g5 16. Bh2 Ng6 17. Rfe1 Nde5 18. f4 Nf7 19. Bd3 gxf4 20. exf4 Qf6 21. Nc4 Qd4+
22. Kh1 Nxf4 23. Bxf4 Qxf4 24. Rf1 Qh4 25. Nb6 Be5 26. Qf2 Bg3 27. Qe2 Be5 28.
Rf3 Rb8 29. Nxc8 Rbxc8 30. Bxf5 Rce8 31. Be6 Kg7 32. Ne4 Ng5 33. Nxg5 Qxg5 34.
Rbf1 Rxf3 35. Qxf3 Bf6 36. Qb3 Re7 37. Qc2 Qg3 38. Qf5 Qg5 39. Qe4 Qg6 40. Qf4
Qg5 41. Qxd6 Qe5 42. Qb6 Qe2 43. Rc1 Qe3 44. Qxc5 Qxc5 45. Rxc5 Bxb2 46. g4 Be5
47. Bc8 Bd6 48. Rc3 Kf6 49. Rb3 b5 50. axb5 axb5 51. Rxb5 Ke5 52. Be6 Rc7 53.
Rb2 Kf4 54. Kg2 Rc3 55. Rf2+ Ke4 56. Bf5+ Kxd5 57. Rd2+ Kc5 58. h4 Rg3+ 59. Kf2
Rh3 60. Rc2+ Kd5 61. Rd2+ Kc5 62. Rc2+ Kd5 63. h5 Rh2+ 64. Ke3 Rxc2 65. Bxc2 h6 1/2-1/2

[Event "36th World Junior Girls"]
[Site "Manavgat TUR"]
[Date "2018.09.08"]
[Round "5.25"]
[White "Yang, Yijing"]
[Black "Wafa, Shahenda"]
[Result "1-0"]
[WhiteTitle "WCM"]
[BlackTitle "WGM"]
[WhiteElo "2018"]
[BlackElo "2129"]
[WhiteFideId "8608601"]
[BlackFideId "10609962"]
[EventDate "2018.09.05"]

1. d4 Nf6 2. c4 g6 3. Nf3 Bg7 4. g3 O-O 5. Bg2 d6 6. O-O c6 7. Nc3 Qc7 8. e4 e5
9. h3 Nbd7 10. b3 Re8 11. Re1 Nf8 12. Be3 exd4 13. Nxd4 Ne6 14. Qc2 Nxd4 15.
Bxd4 Be6 16. Qb2 Qd7 17. Ne2 Nh5 18. g4 Bxd4 19. Qxd4 Ng7 20. Rad1 Rad8 21. Qxa7
Ra8 22. Qd4 Rxa2 23. e5 d5 24. Nc3 Ra3 25. cxd5 cxd5 26. Bxd5 Rea8 27. Qb4 Qc7
28. Na4 Ra2 29. Qxb7 Qxb7 30. Bxb7 Rb8 31. Nc5 h5 32. Bd5 hxg4 33. Nxe6 Nxe6 34.
hxg4 Nf4 35. Re3 Rc8 36. Bc4 Rc7 37. Rf3 g5 38. Kf1 Rb2 39. Kg1 Ra7 40. Kh2 Kg7
41. Kg3 Re7 42. Re3 Ra7 43. Rf3 Re7 44. Rd6 Rb1 45. Re3 Rb2 46. Re1 Ra7 47. Red1
Ng6 48. R1d5 Raa2 49. e6 Rxf2 50. Rxg5 Rg2+ 51. Kf3 Raf2+ 52. Ke3 Rf6 53. e7
Rg3+ 54. Ke4 Rf4+ 55. Kd5 Re3 56. Rdxg6+ fxg6 57. Re5 Rxe5+ 58. Kxe5 Rf3 59. Ke4 1-0

[Event "36th World Junior Girls"]
[Site "Manavgat TUR"]
[Date "2018.09.08"]
[Round "5.31"]
[White "Aksoy, Ayca"]
[Black "Auvray, Honorine"]
[Result "0-1"]
[BlackTitle "WFM"]
[WhiteElo "1898"]
[BlackElo "2050"]
[WhiteFideId "6355978"]
[BlackFideId "600512"]
[EventDate "2018.09.05"]

1. Nf3 g6 2. d4 Bg7 3. Bg5 c5 4. c3 Qa5 5. dxc5 Qxc5 6. e4 d6 7. Nbd2 Nf6 8. Be2
O-O 9. O-O b6 10. Re1 Bb7 11. Bd3 Nbd7 12. Qe2 h6 13. Be3 Qc7 14. Nd4 a6 15. c4
e6 16. Rac1 Nc5 17. f3 Rac8 18. Bc2 d5 19. b4 Ncd7 20. exd5 exd5 21. Bb3 Qd6 22.
a3 Rfe8 23. Rcd1 Ng4 24. Ne4 Qxh2+ 25. Kf1 Nxe3+ 26. Qxe3 dxe4 0-1

[Event "36th World Junior Girls"]
[Site "Manavgat TUR"]
[Date "2018.09.08"]
[Round "5.37"]
[White "Can, Isil"]
[Black "Heydarova, Aytaj"]
[Result "1-0"]
[WhiteTitle "WCM"]
[WhiteElo "1798"]
[BlackElo "1948"]
[WhiteFideId "34505733"]
[BlackFideId "13409999"]
[EventDate "2018.09.05"]

1. e4 c5 2. Nf3 d6 3. d4 cxd4 4. Nxd4 Nf6 5. Nc3 g6 6. Be3 Bg7 7. f3 Nc6 8. Qd2
O-O 9. Bc4 a6 10. h4 Nxd4 11. Bxd4 Be6 12. Bb3 Qa5 13. O-O-O Rfc8 14. Kb1 b5 15.
h5 Bc4 16. hxg6 hxg6 17. Rh2 Kf8 18. Rdh1 e5 19. Be3 Qc7 20. Bg5 b4 21. Bxf6
Bxf6 22. Nd5 Bxd5 23. Bxd5 Rab8 24. Rh7 Bg7 25. Bb3 Rb5 26. Qg5 Rc5 27. Rh8+
Bxh8 28. Rxh8+ Kg7 29. Qh6+ Kf6 30. Qh4+ g5 31. Qh6+ Ke7 32. Qxg5+ Kd7 33. Ba4+
Rc6 34. Qf5+ Ke7 35. Qg5+ Kd7 36. Qg4+ Ke7 37. Qh4+ Kd7 38. Qh3+ Ke7 39. Qh4+
Kd7 40. Qg4+ Ke7 41. Rh7 Rf8 42. Qg5+ Ke8 43. Qd2 Ke7 44. Bxc6 Qxc6 45. Qxb4 Rg8
46. g4 Rg6 47. Qb3 Re6 48. Qe3 Qe8 49. Qa7+ Kf6 50. Rh5 1-0

[Event "36th World Junior Girls"]
[Site "Manavgat TUR"]
[Date "2018.09.08"]
[Round "5.40"]
[White "Aydin, Gulenay"]
[Black "Ayan, Bengu Sena"]
[Result "1/2-1/2"]
[WhiteTitle "WCM"]
[BlackTitle "WFM"]
[WhiteElo "1882"]
[BlackElo "1976"]
[WhiteFideId "34557431"]
[BlackFideId "6346120"]
[EventDate "2018.09.05"]

1. e4 e6 2. d4 d5 3. Nd2 Nc6 4. Ngf3 Nf6 5. e5 Nd7 6. c4 dxc4 7. Nxc4 Nb6 8. a3
Be7 9. Bd3 Nd5 10. O-O a5 11. Re1 h6 12. Bc2 Nb8 13. Nfd2 b6 14. Qg4 g6 15. Ne4
Nd7 16. Bd2 Ba6 17. Ne3 Bb7 18. Nxd5 Bxd5 19. Nc3 c6 20. Nxd5 cxd5 21. f4 h5 22.
Qf3 b5 23. g3 Qb6 24. Qd3 Kf8 25. h3 Kg7 26. Kg2 Nb8 27. Rh1 Nc6 28. Be3 b4 29.
a4 Qa6 30. Qd2 Bd8 31. g4 Ne7 32. Bd3 Qb6 33. Rhf1 Rc8 34. Rac1 Rc6 35. Bb5 Rxc1
36. Rxc1 Qb7 37. Rc2 Bb6 38. b3 hxg4 39. hxg4 Rc8 40. Kf3 Qa8 41. Rc1 Rxc1 42.
Qxc1 Qh8 43. Qf1 Qc8 44. Qd3 Qh8 45. Qf1 Nc8 46. Bd7 Ne7 1/2-1/2

[Event "36th World Junior Girls"]
[Site "Manavgat TUR"]
[Date "2018.09.08"]
[Round "5.47"]
[White "Huttl, Sofie"]
[Black "Nemcova, Karin"]
[Result "1/2-1/2"]
[WhiteElo "1727"]
[BlackElo "1990"]
[WhiteFideId "236730"]
[BlackFideId "360821"]
[EventDate "2018.09.05"]

1. e4 d5 2. exd5 Qxd5 3. Nc3 Qd6 4. d4 Nf6 5. h3 c6 6. Nf3 Bf5 7. Bd3 Bxd3 8.
Qxd3 e6 9. Ne4 Nxe4 10. Qxe4 Be7 11. O-O Nd7 12. c3 Nf6 13. Qe5 O-O 14. Bf4 Qd5
15. Qc7 Qd7 16. Qxd7 Nxd7 17. Rfe1 Nb6 18. Ne5 Rad8 19. Rad1 Rfe8 20. Bg3 Bf8
21. Bh4 f6 22. Nd3 Kf7 23. Bg3 Rd5 24. f3 Na4 25. Re4 c5 26. Nf4 f5 27. Re2 Rd7
28. Rde1 Bd6 29. d5 e5 30. Ne6 f4 31. Bf2 c4 32. Nxf4 Bb8 33. Ne6 Rxd5 34. Ng5+ 1/2-1/2

[Event "36th World Junior Girls"]
[Site "Manavgat TUR"]
[Date "2018.09.08"]
[Round "5.48"]
[White "Celik, Eda"]
[Black "Rousseau, Christilla"]
[Result "1/2-1/2"]
[WhiteElo "1970"]
[BlackElo "1677"]
[WhiteFideId "6351727"]
[BlackFideId "251801"]
[EventDate "2018.09.05"]

1. e4 c6 2. d4 d5 3. Nc3 dxe4 4. Nxe4 Bf5 5. Ng3 Bg6 6. h4 h6 7. Nf3 Nd7 8. h5
Bh7 9. Bd3 Bxd3 10. Qxd3 e6 11. Bf4 Ngf6 12. O-O-O Be7 13. Kb1 Nd5 14. Bd2 Qb6
15. c4 N5f6 16. Bc3 O-O 17. Ne4 Nxe4 18. Qxe4 Nf6 19. Qe2 Rfd8 20. Ne5 a5 21. f4
Bb4 22. Qf3 Bxc3 23. Qxc3 c5 24. dxc5 Rxd1+ 25. Rxd1 Qxc5 26. Qf3 Qc7 27. g4 Rd8
28. Re1 Nd7 29. b3 Nxe5 30. Rxe5 Qd7 31. Rxa5 Qd2 32. Re5 Ra8 33. a4 Rd8 34. Re2
Qd1+ 35. Kb2 Rd2+ 36. Rxd2 Qxf3 37. Rd8+ Kh7 38. Rd7 Qxg4 39. Rxf7 Qxh5 40. Rxb7
Qh2+ 41. Ka3 Qxf4 42. a5 Qd6+ 43. Ka4 Qc6+ 44. Rb5 e5 45. Kb4 e4 46. Rb6 Qc7 47.
Re6 Qb7+ 48. Kc3 h5 49. Re5 Kh6 50. Kd4 Qxb3 51. Rxe4 Qb7 52. Re6+ g6 53. a6
Qd7+ 54. Ke5 Kg5 55. c5 h4 56. Rd6 Qc7 57. Kd5 h3 58. Rc6 Qxc6+ 59. Kxc6 h2 60.
Kb7 h1=Q+ 61. c6 Qh7+ 62. c7 Qd7 63. a7 Qb5+ 64. Kc8 Qa6+ 65. Kb8 Qb6+ 66. Ka8
Qxc7 1/2-1/2

[Event "36th World Junior Girls"]
[Site "Manavgat TUR"]
[Date "2018.09.10"]
[Round "6.1"]
[White "Khomeriki, Nino"]
[Black "Antova, Gabriela"]
[Result "1-0"]
[WhiteTitle "WIM"]
[BlackTitle "FM"]
[WhiteElo "2313"]
[BlackElo "2292"]
[WhiteFideId "13603191"]
[BlackFideId "2915235"]
[EventDate "2018.09.05"]

1. d4 d5 2. c4 e6 3. Nf3 Nf6 4. Nc3 c6 5. e3 Nbd7 6. Bd3 dxc4 7. Bxc4 b5 8. Bd3
Bb7 9. O-O a6 10. e4 c5 11. d5 Qc7 12. dxe6 fxe6 13. Ne2 c4 14. Bc2 O-O-O 15.
Qe1 e5 16. Ng3 Bc5 17. Bd2 Kb8 18. a4 Qc6 19. axb5 axb5 20. Qe2 Bb6 21. Ba5 Rhe8
22. b3 c3 23. Bd3 Bxa5 24. Rxa5 b4 25. Rfa1 Nc5 26. Bb5 Qd6 27. Nf5 Qc7 28. Qa2
Qb6 29. Ne3 Qd6 30. h3 c2 31. Kh2 Nxb3 32. Qxb3 Rc8 33. Nxc2 Bxe4 34. Nxb4 1-0

[Event "36th World Junior Girls"]
[Site "Manavgat TUR"]
[Date "2018.09.10"]
[Round "6.3"]
[White "Dordzhieva, Dinara"]
[Black "Haussernot, Cecile"]
[Result "1-0"]
[WhiteTitle "WIM"]
[BlackTitle "WIM"]
[WhiteElo "2318"]
[BlackElo "2237"]
[WhiteFideId "24157570"]
[BlackFideId "601632"]
[EventDate "2018.09.05"]

1. Nf3 d5 2. g3 g6 3. Bg2 Bg7 4. d4 Nh6 5. c4 dxc4 6. Qa4+ c6 7. Qxc4 Nf5 8. e3
b6 9. Ne5 Bxe5 10. dxe5 O-O 11. Qc3 Ba6 12. b4 Qd7 13. Bb2 Rd8 14. Nd2 Qe6 15.
Qb3 Qc8 16. Nc4 Nd7 17. O-O Nf8 18. Rac1 Qe6 19. Rfe1 Rac8 20. a4 Rd7 21. Qc3
Rcd8 22. Be4 Nh6 23. a5 Ng4 24. axb6 axb6 25. Ba1 h5 26. Rc2 Rd1 27. Nxb6 Nh7
28. h4 Bb5 29. Bf3 Rxe1+ 30. Qxe1 Qf5 31. Bd1 Nxe5 32. Rd2 Nd3 33. e4 Qe6 34.
Qe3 Nf6 35. Be2 Qxe4 36. Bxd3 Qxe3 37. fxe3 Ne4 38. Bxe4 Rxd2 39. Bd4 f5 40. Bf3
Rc2 41. Nd7 Rc1+ 42. Kf2 Rc2+ 43. Ke1 Rc1+ 44. Kd2 Rf1 45. Ne5 Rf2+ 46. Kc3 Ba4
47. Bc5 e6 48. Bxc6 Rc2+ 49. Kd3 Bb3 50. Nxg6 Kg7 51. Ne5 Kf6 52. Nd7+ Kf7 53.
b5 Rb2 54. Ne5+ Kf6 55. Bd4 Rb1 56. b6 Ke7 57. b7 Bd1 58. Bg2 Kd6 59. Nc4+ Kc7
60. Be5+ 1-0

[Event "36th World Junior Girls"]
[Site "Manavgat TUR"]
[Date "2018.09.10"]
[Round "6.4"]
[White "Paramzina, Anastasya"]
[Black "Sliwicka, Alicja"]
[Result "1-0"]
[WhiteTitle "WGM"]
[BlackTitle "WFM"]
[WhiteElo "2222"]
[BlackElo "2272"]
[WhiteFideId "4165012"]
[BlackFideId "1150677"]
[EventDate "2018.09.05"]

1. e4 e5 2. Nf3 Nc6 3. Bc4 Nf6 4. d3 Be7 5. O-O O-O 6. Re1 d6 7. a4 Kh8 8. h3 h6
9. Nc3 Nh7 10. Nd5 f5 11. b4 f4 12. b5 Nb8 13. d4 Bf6 14. dxe5 Bxe5 15. Nxe5
dxe5 16. Ba3 Re8 17. Ne7 Ng5 18. Qxd8 Rxd8 19. Rad1 Re8 20. Nxc8 Rxc8 21. h4 Nh7
22. Be6 Re8 23. Bf7 Rc8 24. Bb2 c6 25. Bxe5 Rf8 26. Bb3 cxb5 27. axb5 a6 28. Bd6
Re8 29. Bf7 Rd8 30. e5 axb5 31. e6 Nc6 32. e7 Re8 33. Ra1 Rac8 34. Bxe8 Rxe8 35.
Ra8 Nf6 36. Rxe8+ Nxe8 37. Bxf4 Kg8 38. Be3 Kf7 39. Bc5 Nb8 40. Ba3 Na6 41. c3
Nac7 42. Re5 Kf6 43. f4 g6 1-0

[Event "36th World Junior Girls"]
[Site "Manavgat TUR"]
[Date "2018.09.10"]
[Round "6.5"]
[White "Tsolakidou, Stavroula"]
[Black "Hilario, Aleyla"]
[Result "1-0"]
[WhiteTitle "IM"]
[BlackTitle "WFM"]
[WhiteElo "2393"]
[BlackElo "2203"]
[WhiteFideId "4264312"]
[BlackFideId "3819400"]
[EventDate "2018.09.05"]

1. d4 Nf6 2. c4 e6 3. g3 Bb4+ 4. Bd2 Qe7 5. Bg2 O-O 6. e3 Nc6 7. Ne2 d5 8. Qc2
Rd8 9. cxd5 Nxd5 10. Nbc3 Bxc3 11. Nxc3 Ncb4 12. Qb3 c5 13. Nxd5 1-0

[Event "36th World Junior Girls"]
[Site "Manavgat TUR"]
[Date "2018.09.10"]
[Round "6.7"]
[White "Chu, Ruotong"]
[Black "Gorti, Akshita"]
[Result "0-1"]
[WhiteTitle "WIM"]
[BlackTitle "FM"]
[WhiteElo "2199"]
[BlackElo "2315"]
[WhiteFideId "8605653"]
[BlackFideId "2072505"]
[EventDate "2018.09.05"]

1. d4 e6 2. c4 Nf6 3. Nc3 Bb4 4. Qc2 b6 5. e4 c5 6. e5 cxd4 7. a3 Bxc3+ 8. bxc3
Ng8 9. cxd4 Bb7 10. Nf3 Bxf3 11. gxf3 Nc6 12. Bb2 Nge7 13. f4 Rc8 14. Rg1 Ng6
15. f5 Nh4 16. Qd3 Nxf5 17. Bh3 Nce7 18. d5 O-O 19. a4 Ng6 20. Qc3 Re8 21. Kf1
Qh4 22. Bxf5 Rxc4 23. Qh3 exf5 24. Qxh4 Rxh4 25. a5 Rb4 26. Bc3 Rb3 27. Rg3 f4
28. Rh3 Rc8 29. axb6 axb6 30. d6 Rbxc3 0-1

[Event "36th World Junior Girls"]
[Site "Manavgat TUR"]
[Date "2018.09.10"]
[Round "6.8"]
[White "Mahalakshmi, M"]
[Black "Unuk, Laura"]
[Result "1/2-1/2"]
[WhiteTitle "WIM"]
[BlackTitle "WIM"]
[WhiteElo "2213"]
[BlackElo "2299"]
[WhiteFideId "5001080"]
[BlackFideId "14609215"]
[EventDate "2018.09.05"]

1. d4 Nf6 2. Nf3 d5 3. Bf4 c6 4. e3 Bg4 5. h3 Bh5 6. g4 Bg6 7. Ne5 Qb6 8. Nd2
Nbd7 9. Nxg6 hxg6 10. Nb3 e6 11. Bd3 c5 12. dxc5 Nxc5 13. Nxc5 Bxc5 14. Be5 Rh4
15. Qf3 Ke7 16. O-O-O Rc8 17. Bg3 Rhh8 18. h4 Bd6 19. h5 g5 20. Qg2 Nd7 21. Rhf1
Nc5 22. Bxd6+ Qxd6 23. f4 Na4 24. Bb5 Nxb2 25. Kxb2 Qb4+ 26. Ka1 Qc3+ 27. Kb1
Qb4+ 28. Ka1 Qxb5 29. Rb1 Qc6 30. fxg5 b6 31. Rb2 Qc3 32. Qf2 Rhf8 33. Kb1 Rc4
34. Qg3 d4 35. h6 dxe3 36. hxg7 Rg8 37. Re1 Rxg7 38. Rxe3 Qd4 39. Rd3 Qf4 40.
Qg2 Rxg5 41. Ra3 Rc7 42. Rg3 Rd7 43. a3 Rd1+ 44. Ka2 Qc4+ 45. Rbb3 Rc5 46. Rc3
Qxc3 47. Rxc3 Rxc3 48. Kb2 Rc5 49. g5 Rd7 50. g6 fxg6 51. Qxg6 e5 52. Qg7+ Kd6
53. Qf8+ Kd5 54. Qg8+ Kd6 55. Qf8+ Re7 56. Qd8+ Ke6 57. Qg8+ Kd7 58. Qa8 Ra5 59.
Qb7+ Kd6 60. Qb8+ Rc7 61. Qf8+ Kc6 62. Qf3+ Kd7 63. Qf5+ Kd6 64. Qf6+ Kd5 65.
Qf3+ Ke6 66. Qg4+ Kd6 67. Qg6+ Kc5 68. Qe6 b5 69. Qxe5+ Kb6 70. Qd6+ Kb7 71.
Qd5+ Kb6 72. Qd6+ Rc6 73. Qd8+ Ka6 74. Qd7 Kb6 75. Qd8+ Ka6 76. Qd7 Kb6 1/2-1/2

[Event "36th World Junior Girls"]
[Site "Manavgat TUR"]
[Date "2018.09.10"]
[Round "6.10"]
[White "Schneider, Jana"]
[Black "Potapova, Margarita"]
[Result "0-1"]
[WhiteTitle "FM"]
[BlackTitle "WFM"]
[WhiteElo "2190"]
[BlackElo "2277"]
[WhiteFideId "12924997"]
[BlackFideId "14126869"]
[EventDate "2018.09.05"]

1. e4 c5 2. Nf3 d6 3. Bb5+ Nd7 4. O-O Nf6 5. Re1 a6 6. Bd3 b5 7. c4 g5 8. Nxg5
Ne5 9. Bf1 bxc4 10. d4 cxd3 11. f4 Bg4 12. Qd2 Nc6 13. Qxd3 h6 14. Nf3 Nb4 15.
Qd1 Bxf3 16. gxf3 Bg7 17. Nc3 O-O 18. Be3 Nc6 19. Kh1 Nd7 20. Bd3 e6 21. Rg1 Kh8
22. Qd2 Nd4 23. Rg3 Rg8 24. f5 Qh4 25. Bf1 Qf6 26. Rh3 Kh7 27. Bd3 Ne5 28. Rf1
Bf8 29. b3 a5 30. Bb1 Ndc6 31. Ne2 a4 32. Ng3 axb3 33. axb3 Ra1 34. Nh5 Qd8 35.
f6 Rg6 36. f4 Ng4 37. Qe2 Qa8 38. Qf3 Nxe3 39. Qxe3 Nd4 40. Rg3 Nf5 41. Qf3
Nxg3+ 42. hxg3 Kh8 43. g4 Qb7 44. Kh2 c4 45. Qc3 Ra3 46. Qxc4 Rxb3 47. Bc2 Rb2
48. Kh3 Rg8 49. Ng3 Qb5 50. Qxb5 Rxb5 51. Ba4 Rb7 52. Be8 Kh7 53. Nh5 d5 54.
exd5 exd5 55. Rd1 Rb3+ 56. Ng3 Bd6 57. Bxf7 Bxf4 58. Bxg8+ Kxg8 59. Rg1 Kf7 60.
Kh4 Bxg3+ 61. Rxg3 Rxg3 62. Kxg3 Kxf6 63. Kf4 Ke6 64. Kf3 Ke5 65. Ke3 d4+ 66.
Kf3 Kd5 67. Kf4 Kc4 68. Kf5 d3 0-1

[Event "36th World Junior Girls"]
[Site "Manavgat TUR"]
[Date "2018.09.10"]
[Round "6.11"]
[White "Song, Yuxin"]
[Black "Chitlange, Sakshi"]
[Result "1/2-1/2"]
[WhiteTitle "WCM"]
[BlackTitle "WIM"]
[WhiteElo "2156"]
[BlackElo "2279"]
[WhiteFideId "8614300"]
[BlackFideId "35002899"]
[EventDate "2018.09.05"]

1. d4 Nf6 2. c4 e6 3. Nc3 Bb4 4. e3 c5 5. Ne2 cxd4 6. exd4 d5 7. a3 Be7 8. Nf4
dxc4 9. Bxc4 O-O 10. O-O Nbd7 11. Re1 Nb6 12. Bb3 Bd7 13. Qd3 Rc8 14. Qe2 Re8
15. Nd3 Nbd5 16. Bxd5 Nxd5 17. Nxd5 exd5 18. Qh5 Bb5 19. Qf5 g6 20. Qf3 Qb6 21.
Ne5 Qe6 22. Bd2 h5 23. Bc3 Rcd8 24. a4 Bd7 25. h3 Qf5 26. Qd1 Bh4 27. g3 Bf6 28.
Nxd7 Rxe1+ 29. Qxe1 Qxd7 30. Qf1 a6 31. Kg2 Re8 32. a5 Re4 33. Re1 Qe6 34. Rxe4
Qxe4+ 35. f3 Qe3 36. Qf2 Qxf2+ 37. Kxf2 h4 38. g4 Bg5 39. Bb4 Kg7 40. Bd6 Bc1
41. b4 Kf6 42. Ke2 Ke6 43. Bc5 Kd7 44. Kd3 Bf4 45. Kc3 Bg3 46. Bf8 Be1+ 47. Kb3
Ke6 48. Kc2 Kf6 49. Kd3 Bf2 50. Bh6 Be1 51. Bd2 Bf2 52. Bh6 Ke7 53. Bg5+ Kd6 54.
Kc3 Be1+ 55. Kb3 Ke6 56. Bf4 Bf2 57. Kc3 Kd7 58. Be5 Kc6 59. Kb3 Kb5 60. Bf6 Be1
61. Be7 Bd2 62. Bf8 Be3 63. Bg7 Kc6 64. Kc3 Bf4 65. Bf8 Kd7 66. Bc5 Ke6 67. Bf8
Kf6 68. Kd3 Bh2 69. Bh6 Bd6 70. Bd2 Ke6 71. Kc3 Kd7 72. Bg5 Kc6 73. Kb3 Kb5 74.
Bd2 Bg3 75. Bg5 Bd6 76. Bd2 Be7 77. g5 Kc6 78. f4 Bd6 79. Kc3 Kb5 80. Kb3 Bc7
81. Be3 Bb8 82. Bc1 Bc7 83. Be3 Kc6 84. Kc3 Kd7 85. Kd3 Bb8 86. Bc1 Ke6 87. Ke2
Bd6 88. Bd2 Be7 89. Bc3 f6 90. gxf6 Kxf6 91. Ke3 Kf5 92. Kf3 Bf6 93. Ke3 Ke6 94.
Kf3 Kd6 95. Kg4 Kc6 96. f5 gxf5+ 97. Kxf5 Be7 98. Ke6 Bf8 99. Be1 Bd6 100. Bxh4
Bxb4 101. Bd8 Bc3 102. Ke5 Be1 103. h4 Kd7 104. Bg5 Bxa5 105. Kxd5 Bb4 106. Kc4
Bd6 107. h5 Ke6 108. h6 b5+ 109. Kd3 Kf7 110. Ke4 Kg6 111. Bd2 b4 112. Kd5 Bf8
113. Kc4 a5 114. d5 Be7 115. Kb3 Bd6 116. Ka4 Be7 117. Kxa5 b3 118. Bc1 Bg5 119.
Bb2 Bxh6 120. Kb4 Bg7 121. Bxg7 Kxg7 122. Kxb3 Kf6 123. Kc4 Ke7 124. Kc5 Kd7
125. Kd4 Kd6 126. Ke4 Kd7 127. Ke5 Ke7 128. d6+ Kd7 129. Kd5 Kd8 130. Ke6 Ke8
131. Ke5 Kd7 132. Kd5 Kd8 133. Kc6 Kc8 134. d7+ Kd8 135. Kd6 1/2-1/2

[Event "36th World Junior Girls"]
[Site "Manavgat TUR"]
[Date "2018.09.10"]
[Round "6.12"]
[White "Ivana Maria, Furtado"]
[Black "Nomin-Erdene, Davaademberel"]
[Result "1/2-1/2"]
[WhiteTitle "WIM"]
[BlackTitle "IM"]
[WhiteElo "2144"]
[BlackElo "2377"]
[WhiteFideId "5048400"]
[BlackFideId "4900782"]
[EventDate "2018.09.05"]

1. e4 e5 2. d4 exd4 3. Qxd4 Nc6 4. Qe3 Nf6 5. Bd2 g6 6. Nc3 Bg7 7. O-O-O O-O 8.
Qg5 h6 9. Qh4 g5 10. Qg3 d6 11. Be2 Nd4 12. f4 g4 13. f5 Nxe2+ 14. Ngxe2 Qe8 15.
Qf4 Qe5 16. Qxe5 dxe5 17. h3 g3 18. Nxg3 Bd7 19. Be3 Bc6 20. Rd3 Rfe8 21. Kd2
Bf8 22. a3 Kh7 23. Ke2 b5 24. b4 a5 25. Rb1 axb4 26. axb4 Ra6 27. Kf3 Rea8 28.
Nce2 Ra4 29. Bd2 Be7 30. Rbb3 R4a6 1/2-1/2

[Event "36th World Junior Girls"]
[Site "Manavgat TUR"]
[Date "2018.09.10"]
[Round "6.13"]
[White "Zhu, Jiner"]
[Black "Li, Xinyu"]
[Result "1-0"]
[WhiteTitle "WIM"]
[WhiteElo "2364"]
[BlackElo "2086"]
[WhiteFideId "8608059"]
[BlackFideId "8610401"]
[EventDate "2018.09.05"]

1. e4 c5 2. f4 Nc6 3. Nf3 g6 4. Bb5 Bg7 5. Bxc6 dxc6 6. d3 Nf6 7. Qe2 b6 8. Bd2
Qc7 9. Nc3 Bg4 10. h3 Bxf3 11. Qxf3 e6 12. e5 Nd5 13. Ne4 O-O-O 14. a4 a5 15.
Nd6+ Kb8 16. c4 Nb4 17. Bxb4 cxb4 18. O-O-O Bf8 19. Ne4 Bc5 20. g4 Bd4 21. Rde1
Qe7 22. Nf6 Kc7 23. b3 Bc3 24. Re4 Rd4 25. Rd1 Qc5 26. Re2 Qe7 27. Ne4 Rd7 28.
Rc2 Bd4 29. Nf6 Rdd8 30. h4 h6 31. Qg3 Kb8 32. Kb1 Qc7 33. Re1 Bc5 34. h5 gxh5
35. gxh5 Rd4 36. Ne4 Rhd8 37. Nxc5 bxc5 38. Re3 Kb7 39. Rg2 Qe7 40. Kc2 R8d7 41.
Rf3 Qd8 42. Qh3 Qh8 43. Rgg3 Qd8 44. Rg7 Qf8 45. Qg3 Kb6 46. Rg8 Qe7 47. Rb8+
Rb7 48. Rh8 Rd8 49. Rxh6 Qd7 50. Qg1 Rbb8 51. Rg3 Rh8 52. Rxh8 Rxh8 53. Rg5 Qd8
54. f5 f6 55. exf6 Qxf6 56. d4 exf5 57. Rg6 Qxd4 58. Qxd4 cxd4 59. h6 f4 60. Kd3
f3 61. Rf6 Kc5 62. Rf5+ Kb6 63. c5+ Kc7 64. Rf7+ Kc8 65. h7 Kb8 66. Rg7 f2 67.
Ke2 Rf8 68. Kf1 1-0

[Event "36th World Junior Girls"]
[Site "Manavgat TUR"]
[Date "2018.09.10"]
[Round "6.14"]
[White "Ozbay, Ece"]
[Black "Hojjatova, Aydan"]
[Result "0-1"]
[WhiteTitle "WFM"]
[BlackTitle "WGM"]
[WhiteElo "2114"]
[BlackElo "2356"]
[WhiteFideId "6351743"]
[BlackFideId "13401491"]
[EventDate "2018.09.05"]

1. e4 e6 2. d4 d5 3. Nd2 c5 4. exd5 exd5 5. Ngf3 a6 6. dxc5 Bxc5 7. Nb3 Bb6 8.
Be2 Nf6 9. O-O h6 10. c3 O-O 11. Nbd4 Nc6 12. Be3 Bc7 13. Qc1 Re8 14. Bd3 Ne4
15. Bf4 Bb6 16. Re1 Qf6 17. Be3 Bc7 18. c4 Ne5 19. Qc2 Ba5 20. Nxe5 Bxe1 21.
Ndf3 Bb4 22. Bd4 Qe7 23. cxd5 Nf6 24. a3 Bd6 25. Re1 Qc7 26. Qb3 b5 27. a4 bxa4
28. Qxa4 Bb7 29. Bc4 Bxd5 30. Bxd5 Nxd5 31. Qb3 Nf4 32. g3 Ne6 33. Bc3 Rab8 34.
Qa4 Qb7 35. Rd1 Bxe5 36. Nxe5 Ng5 37. Rd7 Qb6 38. Qg4 Qe6 39. Qxe6 Rxe6 40. f4
Ne4 41. Bd4 Rd6 42. Rxd6 Nxd6 43. Nc6 Rb3 44. Bc3 Nc4 45. Nd4 Rb7 46. b4 Nd6 47.
Be1 Ne4 48. Kf1 Rd7 49. Nb3 Rd3 50. Na5 f6 51. Ke2 Ra3 52. Nc4 Ra1 53. h4 Kf7
54. Ne3 Ke6 55. Nc4 Rc1 56. Ne3 f5 57. h5 Nf6 58. Bd2 Rc8 59. Kf3 Nxh5 60. Be1
Nf6 61. Ke2 g5 0-1

[Event "36th World Junior Girls"]
[Site "Manavgat TUR"]
[Date "2018.09.10"]
[Round "6.15"]
[White "Diakonova, Ekaterina"]
[Black "Bai, Xue"]
[Result "1-0"]
[WhiteElo "2243"]
[BlackElo "2073"]
[WhiteFideId "24172936"]
[BlackFideId "8608717"]
[EventDate "2018.09.05"]

1. e4 e5 2. Nf3 Nc6 3. Bb5 a6 4. Ba4 Nf6 5. O-O Be7 6. Re1 b5 7. Bb3 O-O 8. h3
d6 9. c3 Na5 10. Bc2 c5 11. d4 Qc7 12. Nbd2 Bd7 13. Nf1 cxd4 14. cxd4 Nc6 15.
Ne3 Rfe8 16. Bb3 exd4 17. Nxd4 Nxd4 18. Qxd4 Be6 19. Bd2 Qc5 20. Qxc5 dxc5 21.
Bxe6 fxe6 22. Ng4 Nxg4 23. hxg4 Rad8 24. Rad1 b4 25. b3 c4 26. bxc4 Rd4 27. Bf4
Rxc4 28. Rd7 Rc2 29. Rb7 Bc5 30. Be3 Bxe3 31. Rxe3 Rf8 32. f3 Rd8 33. f4 Rdd2
34. Rg3 Rc3 35. Rxc3 bxc3 36. Rc7 Rxa2 37. Rxc3 Ra4 38. Re3 a5 39. Kf2 Rb4 40.
Kf3 a4 41. Rd3 Rb3 42. Ke2 Rxd3 43. Kxd3 e5 44. f5 h6 45. Kc4 Kf7 46. g5 hxg5
47. Kb4 g6 48. fxg6+ Kxg6 49. g4 Kf7 50. Kxa4 Ke6 51. Kb5 1-0